Adresář výrobců, dodavatelů a ostatních organizací českého a slovenského papírenského průmyslu
Guardado en:
| Formato: | Libro |
|---|---|
| Lenguaje: | checo |
| Publicado: |
Praha :
Papír a celulóza,
2002
|
| Etiquetas: |
Sin Etiquetas, Sea el primero en etiquetar este registro!
|
MARC
| LEADER | 00000nam a22000003a 4500 | ||
|---|---|---|---|
| 001 | stu78483 | ||
| 005 | 20150408175458.6 | ||
| 008 | 030116s2002----xr------------------cze-d | ||
| 040 | |a STU |b slo | ||
| 041 | 0 | |a cze | |
| 044 | |a xr | ||
| 080 | |a 676(058) | ||
| 245 | |a Adresář výrobců, dodavatelů a ostatních organizací českého a slovenského papírenského průmyslu | ||
| 260 | |a Praha : |b Papír a celulóza, |c 2002 | ||
| 300 | |a 80 s | ||
| 996 | |b CB2371 |c C*B2371 |l CCVIIIA |s P |a 0 |w stu78483_0001 | ||